| 000 | 01091nam a2200301Ia 4500 | ||
|---|---|---|---|
| 001 | 33405 | ||
| 003 | IT-RoPAU | ||
| 008 | 130308s9999 xx 000 0 und d | ||
| 040 | _aIT-RoPAU | ||
| 040 | _cIT-RoPAU | ||
| 041 | _aITALIANO | ||
| 100 | _aGubern Roman | ||
| 100 | _gCodice Aut. SPICS: 5725 | ||
| 245 | _aIntroduzione al fumetto | ||
| 245 | _bParole e Nuvole-Atti del Corso Sulla letteratura per Immagini | ||
| 250 | _a1a ed. | ||
| 260 | _aROMA | ||
| 260 | _bBulzoni | ||
| 260 | _c1985 [1° Ed.:1985 - Ed.Ling.Originale:1982] | ||
| 300 | _a"46 p. (prefazione: no ; testo: 46 [pagine: 11-56])" | ||
| 500 | _aStatuto Semiotico dei Fumetti Dall'Immagine Alla Parola Scritta Artista plastico di Fronte All'Espressione Temporale Protofumetti riviste domenicali inglesi Giornalismo Nordamericano e Genesi dei Fumetti Nascita e Morte di una Avanguardia Standardizzazione Industriale e Diversificazione di Generi Genere Epico | ||
| 650 | _aLINGUAGGIO DEL FUMETTO | ||
| 650 | _eCodice materia Spics: 6704 | ||
| 942 | _cBK | ||
| 957 | _71 | ||
| 999 |
_c50341 _d50341 |
||
| 999 | _bSI | ||
| 999 | _g1 | ||